1586 1293 1173 1243 1619 1357 1274 1830 1586 1909 1932 1188 1039 1571 1509 1452 1827 1605 1870 1080 1174 1844 1798 1005 1147 1924 1573 1025 1561 1005 1490 1165 1203 1315 1618 1561 1834 1240 1078 1014 1159 1305 1049 1344 1928 1681 1807 1734 1617 1083 1446 1026 1048 1911 1512 1353 1863 1403 1990 1522 1097 1335 1049 1915 1118 1901 1643 1844 1194 1819 1679 1378 1830 1453 1529 1736 1178 1530 1139 1894 1443 1822 1723 1778 1419 1624 1768 1639 1784 1416 1067 1939 1222 1474 1913 1619 1163 1441 1106 BCNSPRNW ULIB Ver.6.0+V

เปลี่ยนเป็นภาษาไทย

Change to English
 แสดงรายละเอียดบรรณานุกรม
  กลับหน้าหลัก

Brief Record : Get Marc (ISO 2709) : E-mail record : QR code < ปิดหน้าต่าง
LEADER : 00000nam 2200000uu 4500
001    13399121540
003     ULIB
008    121122s2546||||th 000 0 tha d
020    ^a9740502695
020    ^a9789740502692
060 04 ^aWW460^bว157ต
100 0  ^aวณิชา ชื่นกองแก้ว
245 10 ^aตำราประสาทจักษุวิทยา =^bNeuro-opthalmology /^cวณิชาชื่นกองแก้ว, พิพัฒน์ เชี่ยววิทย์
246 31 ^aNeuro-opthalmology
250    ^aพิมพ์ครั้งที่ 1
260    ^aกรุงเทพฯ :^bงานตำราวารสารและสิ่งพิมพ์สถานเทคโนโลยีการศึกษาแพทยศาสตร์ คณะแพทยศาสตร์ศิริราชพยาบาลมหาวิทยาลัยมหิดล,^c2546
300    ^a(14) 320 หน้า :^bภาพประกอบ (สีบางภาพ) ;^c26 ซม.
440  0 ^aงานตำราวารสารและสิ่งพิมพ์ ;^vรายการที่ 15 (2-2546)
500    ^aหนังสือได้รับรางวัลประเภทดี รางวัลตำราศิริราช-มหิดล ปี2547
650  2 ^aOphthalmology
650  2 ^aEye Diseases
650  7 ^aจักษุวิทยา
650  7 ^aตา, โรค
650  7 ^aรางวัลตำราศิริราช-มหิดล
653    ^aผลงานอาจารย์คณะแพทยศาสตร์ศิริราชพยาบาล
700 0  ^aพิพัฒน์ เชี่ยววิทย์
710 2  ^aมหาวิทยาลัยมหิดล. ^bคณะแพทยศาสตร์ศิริราชพยาบาล.^bสถานเทคโนโลยีการศึกษาแพทยศาสตร์
945    ^p650^l0^i24465
995    ^aวิภา
999 ^a ใช้งานได้ทุกระบบ
รายการนี้ยังไม่มีแท็ก
คุณยังไม่ได้ล็อกอิน คุณสามารถมีกิจกรรมร่วมกับเว็บไซต์ได้ แต่ต้องล็อกอินก่อน ::
  ล็อกอิน

รายการสื่อสารสนเทศ

ลำดับที่ ประเภท เลขเรียก/บาร์โค้ด สถานที่ สถานะ
1. วิทยาศาสตร์การแพทย์ และสุขภาพ
วิทยาศาสตร์การแพทย์ และสุขภาพ
WW460 ว157ต  
  Barcode: 24465
ห้องสมุดวิทยาเขตสวรรค์ประชารักษ์
►หนังสือทั่วไป
บนชั้น

รายการใกล้เคียง
    ผู้แต่ง [วณิชา ชื่นกองแก้ว]

    หัวเรื่อง [Ophthalmology]
    หัวเรื่อง [Eye Diseases]
    หัวเรื่อง [จักษุวิทยา]
    หัวเรื่อง [ตา, โรค]
    หัวเรื่อง [รางวัลตำราศิริราช-มหิดล]

BibComment


ยังไม่เคยถูกคอมเมนท์

คอมเมนท์ทรัพยากรรายการนี้
  คอมเมนท์: ตำราประสาทจักษุว..


 Copyright 2026. Bcnsprnw @Library